Inmuebles Aspectos legal, fiscal y financiero /

Detalles Bibliográficos
Autor principal: Orozco Loya, Carlos
Formato: eBook
Lenguaje:español
Materias:
Acceso en línea:Acceso restringido

MARC

LEADER 00000nam a22000007a 4500
005 20181031000731.0
007 cr|||| ||||
008 181031s2018 mx |||||s|||| 00||0 spa d
035 |a 22111 
040 |a vLex 
090 |c 8235  |d 8235 
100 1 |a Orozco Loya, Carlos 
245 1 0 |a Inmuebles  |h [Recurso electrn̤ico] :  |b Aspectos legal, fiscal y financiero /  |c Carlos Orozco Loya 
256 |a Servicio en ln̕ea 
300 |a 1 recurso electrn̤ico 
506 1 |a Disponible solo en los productos indicados  |d vLex Global  |d vLex Global (Academic Edition, excluding Law Schools)  |d vLex Global (U.S. Academic Edition, Law Schools)  |d vLex Global (U.S. Academic Edition, excluding Law Schools)  |d vLex Global (Academic Edition, Law Schools) 
650 0 4 |a Derecho Civil  |z Mx̌ico 
650 0 4 |a Derecho Fiscal  |z Mx̌ico 
740 0 |a vLex Libros (Servicio en ln̕ea) 
856 4 0 |u http://vlex.com/source/inmuebles-aspectos-legal-fiscal-financiero-22111  |z Acceso restringido 
942 |c BOOK 
999 0 |a Civil Law 
999 0 |a Tax Law